000 00598cam a22002411 4500
001 sa 68000509
003 DLC
005 20260227112424.0
008 890720s1966 ii 000 0 hino
010 _asa 68000509
035 _a(OCoLC)20042548
040 _aDLC
_cWaU
_dDLC
042 _apremarc
050 0 0 _aPK1939
_b.A36
100 1 _aAggarwal, Hans Raj.
245 1 0 _aSāhitya-śāstra-sāra.
260 _c1966.
300 _a12, 140 p.
_c19 cm.
500 _aAdded t.p. in English.
500 _aIn Hindi.
650 0 _aHindi language
_xRhetoric.
700 0 _aShrutikant,
_d1922-
999 _c77258
_d77258